[Event "Sao Paulo Braga op"]
[Site "Sao Paulo"]
[Date "2011.04.23"]
[Round "7"]
[White "Rigonati, Eduardo Santana"]
[Black "Dias, Simao Poscidonio"]
[Result "0-1"]
[WhiteElo "1748"]
[BlackElo "2032"]
[PlyCount "64"]
[EventDate "2011.04.20"]
[EventType "swiss"]
[EventRounds "9"]
[EventCountry "BRA"]
[SourceTitle "EXT 2022"]
[Source "ChessBase"]
[SourceDate "2021.10.06"]
[SourceVersion "1"]
[SourceVersionDate "2021.10.06"]
[SourceQuality "1"]

1. e4 e5 2. Nf3 Nc6 3. d4 exd4 4. Bc4 Nf6 5. Bg5 h6 6. Bxf6 Qxf6 7. 0-0 Bc5 8. Nbd2 d6 9. h3 Ne5 10. Be2 0-0 11. Nb3 Nxf3+ 12. Bxf3 Bb6 13. Qd3 Be6 14. Rad1 c5 15. Nd2 Bd7 16. b3 Rab8 17. a4 Rfe8 18. Rfe1 Qg5 19. Kh1 a6 20. c4 dxc3 21. Qxc3 Qe5 22. Qxe5 dxe5 23. Rc1 Ba5 24. Re2 Bb4 25. Bg4 Bxg4 26. hxg4 b5 27. axb5 axb5 28. Nb1 Rbd8 29. Re3 Rd4 30. Nc3 c4 31. Rb1 Bxc3 32. Rxc3 Re6 0-1

[Event "BRA-ch Amateur"]
[Site "Sao Paulo"]
[Date "2011.03.07"]
[Round "5"]
[White "Rigonati, Eduardo Santana"]
[Black "Abdalla, Chead Jr"]
[Result "1-0"]
[WhiteElo "1748"]
[BlackElo "1896"]
[PlyCount "89"]
[EventDate "2011.03.05"]
[EventType "swiss"]
[EventRounds "7"]
[EventCountry "BRA"]
[SourceTitle "EXT 2014"]
[Source "ChessBase"]
[SourceDate "2013.11.20"]
[SourceVersion "1"]
[SourceVersionDate "2013.11.20"]
[SourceQuality "1"]

1. e4 c5 2. Nf3 d6 3. c3 Nc6 4. d4 cxd4 5. cxd4 e6 6. Nc3 a6 7. Bd3 Nf6 8. Bg5 Be7 9. Qc2 Nb4 10. Qa4+ Nc6 11. Bxf6 Bxf6 12. d5 Bxc3+ 13. bxc3 exd5 14. exd5 Qe7+ 15. Kd2 0-0 16. dxc6 Qf6 17. Qe4 Qh6+ 18. Kc2 bxc6 19. Qh4 Qxh4 20. Nxh4 d5 21. Nf5 Bd7 22. Rab1 c5 23. Ne7+ Kh8 24. Nxd5 Be6 25. c4 Rad8 26. Rhe1 Rc8 27. Rb6 a5 28. h3 a4 29. Ra6 Bd7 30. Nb6 Rcd8 31. Nxd7 Rxd7 32. Rxa4 Rfd8 33. Rd1 g6 34. Be2 Rd4 35. Rxd4 cxd4 36. Kd3 Kg7 37. Bf3 Rd7 38. Rb4 Ra7 39. a4 Kh6 40. Kxd4 f5 41. c5 Rd7+ 42. Bd5 Re7 43. c6 Re2 44. c7 Rd2+ 45. Kc5 1-0